| 000 | 00915cab a2200253 4500 | ||
|---|---|---|---|
| 001 | ABS60143 | ||
| 008 | 090401t1999 xxu||||| |||| 00| 0 eng d | ||
| 035 | _a(Sirsi) u91295 | ||
| 041 | _aeng | ||
| 100 | _aCastle, P. | ||
| 245 | _aIPPC in the UK | ||
| 260 | _c1999 | ||
| 350 | _a0 | ||
| 490 |
_aEnvironment Information Bulletin _v(86) February 1999, 12-16(5) |
||
| 520 | _aDiscusses the draft regulations on the implementation of integrated pollution prevention and control (IPPC) which were published by the government in December 1998. Looks at the proposed legislative framework and key issues of which regulated companies should be aware. | ||
| 650 | _aCONSULTATION PAPERS | ||
| 650 | _aDRAFT REGULATIONS | ||
| 650 | _aINTEGRATED POLLUTION PREVENTION AND CONTROL | ||
| 650 | _aIPPC | ||
| 650 | _aPOLLUTION | ||
| 690 | _aENVIRONMENTAL AND LAND CONSULTANCY | ||
| 942 | _n0 | ||
| 948 | _c12/02/1999 | ||
| 999 |
_c57940 _d57940 |
||